000 00835nam a2200169Ia 4500
008 110201s9999 xx 000 0 und d
082 _bB9356
_aR 128
100 _aकुलकर्णी र.पु.
245 _aकौटिलीय अर्थशास्त्रातील शिल्पशास्त्र
260 _bमहाराष्ट्र राज्य साहित्य आणि सुस्कृती मंडळ
365 _b110
600 _aकुलकर्णी र.पु.
630 _aकौटिलीय अर्थशास्त्रातील शिल्पशास्त्र
700 _aकुलकर्णी र.पु.
730 _aकौटिलीय अर्थशास्त्रातील शिल्पशास्त्र
942 _cBOOK
999 _c834799
_d834796